000
00333nam a2200145Ia 4500
005
20251222175941.0
008
251222s9999||||xx |||||||||||||| ||spa||
020
_a
9789972297038
082
_a
869.560.38/D11
100
_a
D´Angelo, Biagio
245
0
_a
Un Rio de Palabras:
250
_a
1ra.ed.
264
_b
UCSS
942
_c
LIB
999
_c
41369
_d
41369